| 000 | 00360nam a22001457a 4500 | ||
|---|---|---|---|
| 003 | OSt | ||
| 005 | 20230819055607.0 | ||
| 008 | 190523b xxu||||| |||| 00| 0 eng d | ||
| 040 | _cIIMT UNIVERSITY | ||
| 100 | _a MUSGRAVE- RICHARD A. | ||
| 245 | _aPUBLIC FINANCE IN THEORY & PRACTICE | ||
| 260 |
_aNEW DELHI _bTMH PUB _c2009 |
||
| 300 | _a627 | ||
| 942 |
_2ddc _c01 |
||
| 999 |
_c47857 _d47857 |
||